Countries that Border Brazil - Statistics

General Stats
  • This quiz has been taken 35 times
  • The average score is 9 of 10
Answer Stats
Length Answer % Correct
1,261 km Argentina
97%
593 km Suriname
97%
1,068 km Uruguay
97%
1,644 km Colombia
94%
1,365 km Paraguay
94%
2,995 km Peru
94%
3,423 km Bolivia
87%
2,200 km Venezuela
87%
1,606 km Guyana
84%
730 km France
74%
No matching quizzes found
Score Distribution
Percent of People with Each Score
Percentile by Number Answered
Your Score History
You have not taken this quiz